000 00641nam a2200205Ii 4500
003 JO-AjNU
008 230606s9999||||xx |||||||||||||| ||und||
020 _a978-0-8129-7845-2
040 _aJO-AjNU
_beng
_erda
_cJO-AjNU
041 _aeng
050 1 4 _aPR1866.C42 2009
100 3 _atranslation by: Raffel,Burton,
_eauthor
_91615
245 0 4 _aTHE CANTERBURY TALES
264 3 1 _aNew York:THE MODERN LIBRARY, 2009
300 _a626P
336 _atext
_btxt
_2rdacontent
337 _aunmediated
_bn
_2rdamedia
338 _avolume
_bnc
_2rdacarrier
650 4 _aChristian Pilgrims and Pilgrimages - Poetry - Canterbury - Storytelling
_91616
999 _aE848
_c848
_d848